Tilastot visalle Helsingin kaupunginosat ruotsiksi

Klikkaa tästä pelataksesi tätä visaa!

Yleistilastot

  • Tätä visaa on pelattu 70 kertaa
  • Keskiarvotulos 10 / 18

Vastaustilastot

KaupunginosaRuotsiksi% Oikein
PasilaBöle
88%
TöölöTölö
88%
SörnäinenSörnäs
84%
HerttoniemiHertonäs
74%
EiraEira
72%
KäpyläKottby
66%
ItäkeskusÖstra centrum
66%
KulosaariBrändö
62%
OulunkyläÅggelby
52%
KallioBerghäll
46%
LauttasaariDrumsö
40%
PukinmäkiBocksbacka
38%
VuosaariNordsjö
32%
MeilahtiMejlans
30%
PunavuoriRödbergen
30%
UllanlinnaUlrikasborg
28%
VallilaVallgård
28%
KaivopuistoBrunnsparken
26%

Tulosjakauma

Persentiili vastausten määrän mukaan

Jokaisen tuloksen saaneiden osuus

Tuloshistoriasi

Et ole pelannut tätä visaa